000 00556nam a2200181 i 4500
001 147803
003 ES-MaACL
005 20230906202249.0
007 t|
008 071005s1967 sp ||||1| spa d
080 _a946"1936/39"(093.32)
100 1 _aUrra Lusarreta, Juan.
_9112220
245 1 0 _aEn las trincheras del frente de Madrid /
_cJuan Urra Lusarreta.
260 _aMadrid :
_bUriarte,
_c[1967]
300 _a335 p. ;
_c22 cm.
651 4 _aMadrid-
_xHistoria-
_y1936-1939-
_vRelatos personales.
_9144312
852 _aES-MaACL
_jC-34061
_bR.64935
999 _c147803
_d147803